| 000 | 00492nam a2200169 i 4500 | ||
|---|---|---|---|
| 001 | 115775 | ||
| 003 | ES-MaACL | ||
| 005 | 20230906190544.0 | ||
| 007 | t| | ||
| 008 | 070511s1965 sp ||||1| spa d | ||
| 110 | 2 |
_aUniversidad de Oviedo. _97260 |
|
| 245 | 1 | 0 |
_aMemoria 1964-65 / _cUniversidad de Oviedo. |
| 260 |
_aOviedo : _bUniversidad de Oviedo, _c1965. |
||
| 300 |
_a139 p. ; _c25 cm. |
||
| 610 | 2 | 4 |
_aUniversidad de Oviedo- _vMemorias. _9170429 |
| 852 |
_aES-MaACL _jC-29562 _bR.57810 |
||
| 999 |
_c115775 _d115775 |
||